Statistics for BFDI Characters by Quote

Click here to take the quiz!

General Stats

  • This quiz has been taken 147 times
  • The average score is 15 of 20

Answer Stats

QuoteContestant% Correct
"Hi Pencil, aren't you glad I didn't vomit on you!"Rocky
92%
"..."Teardrop
89%
"Unless it is Dream Island I don't want to hear it!"Flower
79%
"Liar, liar pants ablaze!"Pencil
79%
"It tried to eat me, but it missed me by a bit!"Blocky
78%
“If we could walk in synchrony, it would be even better!”Tennis Ball
77%
“You know, all crispy and everything!"Firey
76%
"Oh no, look at the next one!"Bubble
75%
"Ah, it's great to be alive!"Ice Cube
75%
"But don't you know how much energy that wastes?"Leafy
75%
"This is red, I know it!"Eraser
72%
"Yeah I love magic tricks, do it!"Pen
72%
"I just knew you were gonna say that, cause I'm just so smart."Pin
70%
"It's OK, you just bake at a sub-dirt level."Match
68%
"Look, I'm sorry. Is really that big of a deal?"Needle
68%
"Blocky, this is all your fault!"Golf Ball
67%
"Hold on Coiny, I've got some business to take care of!"Snowball
66%
"Leaveh."Woody
64%
"Yay, we finished."Spongy
62%
"We won, that's a relief."Coiny
61%

Score Distribution

Percentile by Number Answered

Percent of People with Each Score

Your Score History

You have not taken this quiz